Groupes Criminels - 21 Jump Click - Statistiques

Statistiques générales
  • Ce quiz a été pris 94 fois
    86 depuis la dernière actualisation
  • Le résultat moyen est 12 sur 19
Statistiques - réponses
Hint Réponse % Correct
2 Vagos
100%
8 Ballas
98%
5 La Mano
98%
1 Lost MC
93%
16 Families
80%
19 Madz
80%
11 Aztecas
78%
6 Verts
76%
17 Le Cercle
67%
14 Ghost
65%
3 Nameless / Vespucci
64%
15 La Piovra
55%
7 Zetas
55%
18 Yakuza - Clan Ishikawa
49%
4 Kkangpae / Little Seoul
44%
10 Wave
38%
12 Bloods
36%
13 La Squadra
24%
9 Le Syndicat
22%
Aucun quiz correspondant
Distribution des résultats
% des personnes avec chaque résultat
Percentile par nombre de réponses
Votre historique - résultats
Vous n’avez pas pris ce quiz depuis la dernière actualisation